00536nam a22001457a 4500008004100000040001800041041000800059100002000067245010200087260006400189300001800253600004400271600005800315650001700373130821s1928 enk gr deng  aCo-BoUCMbspa00aeng aBrodrick, James04aThe life and work of Blessed Robert Francis, Cardinal Bellarmine, S.J., 1542-1621cJames Brodrick aLondres (Inglaterra)bBurns Oates and Washbourne Ltdac1928 a2 volúmenes aBelarmino, RobertocCardenald1542-1621 aBelarmino, RobertocCardenald1542-1621vBiografías04aBiografías